Sports Quiz

Random Sports or Basketball Quiz
Score 0/150 Timer 08:00
13 Plays Today
Team Player % Correct
Los Angeles LakersKobe Bryant
97.9%
Los Angeles LakersKobe Bryant
97.9%
Los Angeles LakersKobe Bryant
97.9%
Los Angeles LakersKobe Bryant
97.9%
Los Angeles LakersKobe Bryant
97.9%
Los Angeles LakersKobe Bryant
97.9%
Los Angeles LakersKobe Bryant
97.9%
Los Angeles LakersKobe Bryant
97.9%
Los Angeles LakersKobe Bryant
97.9%
San Antonio SpursTim Duncan
96.2%
San Antonio SpursTim Duncan
96.2%
San Antonio SpursTim Duncan
96.2%
San Antonio SpursTim Duncan
96.2%
San Antonio SpursTim Duncan
96.2%
San Antonio SpursTim Duncan
96.2%
San Antonio SpursTim Duncan
96.2%
San Antonio SpursTim Duncan
96.2%
Seattle - Oklahoma CityKevin Durant
95.3%
Seattle - Oklahoma CityKevin Durant
95.3%
Seattle - Oklahoma CityKevin Durant
95.3%
Dallas MavericksDirk Nowitzki
94.5%
Dallas MavericksDirk Nowitzki
94.5%
Dallas MavericksDirk Nowitzki
94.5%
Dallas MavericksDirk Nowitzki
94.5%
Dallas MavericksDirk Nowitzki
94.5%
Dallas MavericksDirk Nowitzki
94.5%
Dallas MavericksDirk Nowitzki
94.5%
Dallas MavericksDirk Nowitzki
94.5%
Dallas MavericksDirk Nowitzki
94.5%
Dallas MavericksDirk Nowitzki
94.5%
Denver NuggetsCarmelo Anthony
94.5%
Denver NuggetsCarmelo Anthony
94.5%
Denver NuggetsCarmelo Anthony
94.5%
Denver NuggetsCarmelo Anthony
94.5%
Denver NuggetsCarmelo Anthony
94.5%
Denver NuggetsCarmelo Anthony
94.5%
Minnesota TimberwolvesKevin Garnett
93.9%
Minnesota TimberwolvesKevin Garnett
93.9%
Minnesota TimberwolvesKevin Garnett
93.9%
Minnesota TimberwolvesKevin Garnett
93.9%
Minnesota TimberwolvesKevin Garnett
93.9%
Minnesota TimberwolvesKevin Garnett
93.9%
Minnesota TimberwolvesKevin Garnett
93.9%
Los Angeles LakersShaquille O'Neal
92.8%
Phoenix SunsShaquille O'Neal
92.8%
San Antonio SpursTony Parker
92.1%
San Antonio SpursTony Parker
92.1%
New Orleans HornetsChris Paul
90.8%
New Orleans HornetsChris Paul
90.8%
New Orleans HornetsChris Paul
90.8%
Team Player % Correct
Houston RocketsYao Ming
87.1%
Houston RocketsYao Ming
87.1%
Houston RocketsYao Ming
87.1%
Houston RocketsTracy McGrady
85%
Houston RocketsTracy McGrady
85%
Houston RocketsTracy McGrady
85%
Phoenix SunsAmare Stoudemire
81.7%
Phoenix SunsAmare Stoudemire
81.7%
Phoenix SunsAmare Stoudemire
81.7%
Phoenix SunsAmare Stoudemire
81.7%
Utah JazzKarl Malone
81.6%
Utah JazzKarl Malone
81.6%
Utah JazzKarl Malone
81.6%
Memphis GrizzliesPau Gasol
78.5%
Memphis GrizzliesPau Gasol
78.5%
Memphis GrizzliesPau Gasol
78.5%
Memphis GrizzliesPau Gasol
78.5%
Utah JazzDeron Williams
78%
Seattle - Oklahoma CityRay Allen
77.5%
Seattle - Oklahoma CityRay Allen
77.5%
Seattle - Oklahoma CityRay Allen
77.5%
Sacramento KingsChris Webber
75.5%
Sacramento KingsChris Webber
75.5%
Golden State WarriorsBaron Davis
74.5%
New Orleans HornetsBaron Davis
74.5%
New Orleans HornetsBaron Davis
74.5%
Portland Trail BlazersBrandon Roy
73.9%
Portland Trail BlazersBrandon Roy
73.9%
Portland Trail BlazersBrandon Roy
73.9%
Seattle - Oklahoma CityGary Payton
71.3%
Seattle - Oklahoma CityGary Payton
71.3%
Denver NuggetsAllen Iverson
69.9%
Utah JazzCarlos Boozer
65.2%
Utah JazzCarlos Boozer
65.2%
Utah JazzCarlos Boozer
65.2%
New Orleans HornetsDavid West
64.9%
New Orleans HornetsDavid West
64.9%
Portland Trail BlazersZach Randolph
64.4%
Portland Trail BlazersZach Randolph
64.4%
Portland Trail BlazersZach Randolph
64.4%
Memphis GrizzliesZach Randolph
64.4%
Golden State WarriorsMonta Ellis
63.5%
Golden State WarriorsMonta Ellis
63.5%
Los Angeles ClippersElton Brand
62.1%
Los Angeles ClippersElton Brand
62.1%
Los Angeles ClippersElton Brand
62.1%
Los Angeles ClippersElton Brand
62.1%
Los Angeles ClippersElton Brand
62.1%
Phoenix SunsShawn Marion
61.6%
Phoenix SunsShawn Marion
61.6%
Team Player % Correct
Phoenix SunsShawn Marion
61.6%
Sacramento KingsMike Bibby
58.5%
Sacramento KingsMike Bibby
58.5%
Sacramento KingsPeja Stojakovic
55.6%
Sacramento KingsPeja Stojakovic
55.6%
Memphis GrizzliesRudy Gay
54.1%
Portland Trail BlazersRasheed Wallace
51.2%
Portland Trail BlazersRasheed Wallace
51.2%
Portland Trail BlazersRasheed Wallace
51.2%
Sacramento KingsKevin Martin
50.7%
Sacramento KingsKevin Martin
50.7%
Sacramento KingsKevin Martin
50.7%
Houston RocketsSteve Francis
50.4%
Houston RocketsSteve Francis
50.4%
Minnesota TimberwolvesAl Jefferson
49.4%
Minnesota TimberwolvesAl Jefferson
49.4%
Minnesota TimberwolvesAl Jefferson
49.4%
Seattle - Oklahoma CityRashard Lewis
49.1%
Seattle - Oklahoma CityRashard Lewis
49.1%
Utah JazzAndrei Kirilenko
47.6%
Golden State WarriorsJason Richardson
46.5%
Golden State WarriorsJason Richardson
46.5%
Golden State WarriorsJason Richardson
46.5%
Sacramento KingsTyreke Evans
43.9%
Golden State WarriorsStephen Jackson
42.2%
Memphis GrizzliesMike Miller
41%
Memphis GrizzliesMike Miller
41%
Phoenix SunsStephon Marbury
34.5%
Phoenix SunsStephon Marbury
34.5%
Los Angeles ClippersChris Kaman
34.1%
Memphis GrizzliesO.J. Mayo
34.1%
Utah JazzMehmet Okur
33.4%
Los Angeles ClippersCorey Maggette
32.2%
Los Angeles ClippersCorey Maggette
32.2%
Golden State WarriorsAntawn Jamison
31.1%
Golden State WarriorsAntawn Jamison
31.1%
Golden State WarriorsAntawn Jamison
31.1%
Portland Trail BlazersDamon Stoudamire
30.9%
Houston RocketsAaron Brooks
29.8%
Houston RocketsCuttino Mobley
26.8%
Los Angeles ClippersEric Gordon
26.3%
New Orleans HornetsJamal Mashburn
23.9%
New Orleans HornetsJamal Mashburn
23.9%
Memphis GrizzliesShareef Abdur-Rahim
22.9%
Los Angeles ClippersLamar Odom
22.5%
Denver NuggetsAntonio McDyess
19%
Denver NuggetsJuwan Howard
18.8%
Utah JazzMatt Harpring
15.4%
Denver NuggetsNick Van Exel
14.3%
New Orleans HornetsLee Nailon
5.9%
Come Together.
Have Fun.
All Virtual.
We all need to come together. Play Sporcle's virtual live trivia to have fun, connect with people, and get your trivia on. Join a live hosted trivia game for your favorite pub trivia experience done virtually. If a virtual private party is more your thing, go here for details.

You're not logged in!

Compare scores with friends on all Sporcle quizzes.
OR
Log In

Sporcle TV

Today on Sporcle TV


Watch our educational content, quiz creation guides, and fun videos on Sporcle TV.

Show Comments

Extras

Top Quizzes Today


Score Distribution

Paid Content

Your Account Isn't Verified!

In order to create a playlist on Sporcle, you need to verify the email address you used during registration. Go to your Sporcle Settings to finish the process.

Report this User

Report this user for behavior that violates our Community Guidelines.

Details: